000 00335nam a22001217a 4500
999 _c15637
_d15637
003 OSt
008 190522b ||||| |||| 00| 0 eng d
082 _a664.001579
_bRAM/AP
245 _aApplied dairy and food microbiology : contemporary reviews
260 _aUdaipur
_bAgrotech Publishing Academy
_c2008
300 _a424 p.
942 _cBK